| 000 | 00613nam a2200205Ii 4500 | ||
|---|---|---|---|
| 003 | JO-AjNU | ||
| 008 | 230605s9999||||xx |||||||||||||| ||und|| | ||
| 040 |
_aJO-AjNU _bara _erda _cJO-AjNU |
||
| 041 | _aara | ||
| 050 | 1 | 4 | _aD199.3.S5 1987 |
| 100 | 3 |
_aالسباعي، مصطفى, _eauthor _940587 |
|
| 245 | 0 | 0 | _a من روائع حضارتنا |
| 250 | _aط5 | ||
| 264 | 3 | 1 | _aبيروت: المكتب الاسلامي، 1987 |
| 300 | _a181ص | ||
| 336 |
_atext _btxt _2rdacontent |
||
| 337 |
_aunmediated _bn _2rdamedia |
||
| 338 |
_avolume _bnc _2rdacarrier |
||
| 650 | 4 |
_aحضارة إسلامية _940588 |
|
| 999 |
_aA17237 _c20805 _d20805 |
||